00994nam a2200193 a 450000100100000000500170001000800410002704000250006808200160009310000320010924501680014126000890030930000220039804900090042095201200042995201200054995201140066999900170078300002886820200930055204.0110412s1982 dr 000 0 spa d aDO-SdBNPbspacBNPHU axxxxbP116d1 aPacheco, Juan Rafael93687910aDiscurso pronunciado por el Dr. Juan Rafael Pacheco hijo, presidente del IDEI, con motivo del décimo aniversario de la institución /cJuan Rafael Pacheco hijo. aSanto Domingo :bInstituto Dominicano de Educación Integral (IDEI) :bAPEC,c1982. a[16 p.] ;c22 cm. aBNPD 0010718PDaGRbGRcCTd2011-04-12iLF1l0oxxxx P116dp28868-20r2020-06-25te. 2w2020-06-25yLFPDZNo se presta 0010718DSaGRbGRcCTd2011-04-12iLF1l0oxxxx P116dp28868-30r2020-06-25te. 3w2020-06-25yLFDSZNo se presta 0010718PDaPDbPDcCTd2011-04-12iLF1l0oxxxx P116dp28868-10r2020-06-25w2020-06-25yLFPDZNo se presta c28360d28360